Efficient Real Exchange Rate Adjustment in Developing Countries Alternative Devaluation Strategies, Economic Structure, and Sequencing of Reforms

Na minha lista:
Detalhes bibliográficos
Autor principal: Schweickert, Rainer
Formato: Livro
Idioma:inglês
Publicado em: Kiel Institut für Weltwirtschaft 1991
Edição:1. ed.
Colecção:Working Paper No.473
Tags: Adicionar Tag
Sem tags, seja o primeiro a adicionar uma tag!

MARC

LEADER 00000nam a2200000 4500
001 c035745
005 20221214093449.7
041 0 |a eng 
044 |a DE 
245 1 0 |a Efficient Real Exchange Rate Adjustment in Developing Countries  |b Alternative Devaluation Strategies, Economic Structure, and Sequencing of Reforms  |c Rainer Schweickert 
250 |a 1. ed. 
264 1 |a Kiel  |b Institut für Weltwirtschaft  |c 1991 
300 |a 49 s. 
490 1 |a Working Paper  |v No.473 
830 0 |a Working Paper  |v No.473 
100 1 |a Schweickert, Rainer